[Event "Deizisau op 10th"]
[Site "Deizisau"]
[Date "2015.11.02"]
[Round "7"]
[White "Fischer, Sebastian"]
[Black "Englmeier, Heinz"]
[Result "1/2-1/2"]
[WhiteElo "2238"]
[BlackElo "2168"]
[PlyCount "34"]
[EventDate "2015.10.30"]
[EventType "swiss"]
[EventRounds "7"]
[EventCountry "GER"]
[SourceTitle "CBM 169 Extra"]
[Source "ChessBase"]
[SourceDate "2015.12.18"]
[SourceVersion "1"]
[SourceVersionDate "2015.12.18"]
[SourceQuality "1"]

1. d4 Nf6 2. Nf3 e6 3. Bg5 c5 4. e3 Nc6 5. Nbd2 d5 6. c3 h6 7. Bh4 g5 8. Bg3 Nh5 9. Be5 f6 10. Ng1 fxe5 11. Qxh5+ Kd7 12. dxe5 Nxe5 13. f4 Nc6 14. 0-0-0 Kc7 15. Ngf3 Be7 16. Ne5 Nxe5 17. fxe5 Qe8 1/2-1/2

[Event "Deizisau op 4th"]
[Site "Deizisau"]
[Date "2009.10.31"]
[Round "4"]
[White "Englmeier, Heinz"]
[Black "Strohhaeker, Raoul"]
[Result "0-1"]
[WhiteElo "2186"]
[BlackElo "2439"]
[PlyCount "38"]
[EventDate "2009.10.29"]
[EventType "swiss"]
[EventRounds "7"]
[EventCountry "GER"]
[SourceTitle "EXT 2010"]
[Source "ChessBase"]
[SourceDate "2010.11.25"]
[SourceVersion "1"]
[SourceVersionDate "2010.11.25"]
[SourceQuality "1"]

1. d4 d5 2. Nf3 Nf6 3. c4 c6 4. Qc2 g6 5. e3 Bg7 6. Bd3 dxc4 7. Bxc4 0-0 8. Nbd2 Nbd7 9. b3 e5 10. Ba3 Re8 11. 0-0-0 Qa5 12. Bd6 exd4 13. exd4 Nb6 14. Bc5 Bf5 15. Qb2 Nfd5 16. b4 Nxc4 17. Nxc4 Bh6+ 18. Nfd2 Nf4 19. Qa3 Qxa3+ 0-1

[Event "Pula op 16th"]
[Site "Pula"]
[Date "2002.05.13"]
[Round "2"]
[White "Filipovic, Branko"]
[Black "Englmeier, Heinz"]
[Result "1-0"]
[WhiteElo "2442"]
[BlackElo "2231"]
[PlyCount "120"]
[EventDate "2002.05.12"]
[EventType "swiss"]
[EventRounds "9"]
[EventCountry "CRO"]
[SourceTitle "CBM 088 Extra"]
[Source "ChessBase"]
[SourceDate "2002.07.01"]
[SourceVersion "2"]
[SourceVersionDate "2002.07.01"]
[SourceQuality "1"]

1. e4 e5 2. Nf3 Nc6 3. Bb5 a6 4. Bxc6 dxc6 5. 0-0 f6 6. d4 exd4 7. Nxd4 Bd6 8. Qh5+ g6 9. Qf3 h5 10. Qd3 Ne7 11. f4 c5 12. Nf3 Nc6 13. Nc3 Nb4 14. Qe2 0-0 15. f5 g5 16. e5 Bxe5 17. Bxg5 Bxf5 18. Nxe5 Qd4+ 19. Kh1 Qxe5 20. Bh6 Qxe2 21. Nxe2 Rfe8 22. Ng3 Bg6 23. c3 Nd3 24. Rxf6 Kh7 25. Bg5 Rf8 26. Raf1 Rxf6 27. Rxf6 Nxb2 28. h4 Nd3 29. Nxh5 Bxh5 30. Rh6+ Kg7 31. Rxh5 Kg6 32. Rh6+ Kf5 33. Rh7 Kg4 34. Rxc7 b5 35. Rg7 Re8 36. Bf6+ Kf4 37. Be7 b4 38. cxb4 cxb4 39. Bd6+ Kf5 40. Rg5+ Kf6 41. Bg3 Ne5 42. Bxe5+ Rxe5 43. Rg3 Re4 44. Rf3+ Kg6 45. g3 Rc4 46. Kg2 a5 47. Rf2 a4 48. Kh3 a3 49. Rf8 Rc2 50. Rb8 Rc4 51. Rb5 Rd4 52. h5+ Kh6 53. g4 Rd3+ 54. Kh4 Rd4 55. Rb6+ Kg7 56. h6+ Kh7 57. Kh5 Rd2 58. Rb7+ Kg8 59. Rxb4 Rxa2 60. Re4 Kf7 1-0

[Event "Neckar op-A 5th"]
[Site "Deizisau"]
[Date "2001.04.14"]
[Round "5"]
[White "Anderberg, Peter"]
[Black "Englmeier, Heinz"]
[Result "0-1"]
[WhiteElo "2071"]
[BlackElo "2222"]
[PlyCount "80"]
[EventDate "2001.04.12"]
[EventType "swiss"]
[EventRounds "9"]
[EventCountry "GER"]
[SourceTitle "CBM 081 Extra"]
[Source "ChessBase"]
[SourceDate "2001.05.06"]
[SourceVersion "1"]
[SourceVersionDate "2001.05.06"]
[SourceQuality "1"]

1. d4 Nf6 2. Nf3 c5 3. e3 g6 4. Nbd2 d6 5. c3 Bg7 6. Bd3 Nc6 7. 0-0 0-0 8. Re1 e5 9. dxc5 dxc5 10. Ne4 Nxe4 11. Bxe4 Qc7 12. Bd5 Ne7 13. Bc4 Bd7 14. a4 e4 15. Ng5 Bc6 16. Qc2 Qe5 17. f4 Qf6 18. Nxe4 Qf5 19. Bd3 c4 20. Nf6+ Qxf6 21. Bxc4 Qd6 22. b3 Qc7 23. e4 b5 24. axb5 Bxb5 25. Bxb5 Qb6+ 26. Be3 Qxb5 27. Rxa7 Rxa7 28. Bxa7 Qa5 29. Be3 Bxc3 30. Rc1 Bg7 31. Bc5 Re8 32. b4 Qb5 33. Qc4 Qb8 34. e5 Qb7 35. b5 Rc8 36. b6 Bf8 37. Qb5 Nd5 38. Rc4 Nxf4 39. Rxf4 Rxc5 40. Qb2 Rc6 0-1

[Event "Oberliga Wuerttemberg 9900"]
[Site "Wuerttemberg"]
[Date "1999.12.12"]
[Round "?"]
[White "Englmeier, Heinz"]
[Black "Roth, Josef"]
[Result "1/2-1/2"]
[WhiteElo "2192"]
[BlackElo "2174"]
[PlyCount "89"]
[EventDate "1999.??.??"]
[EventType "team"]
[EventRounds "9"]
[EventCountry "GER"]
[SourceTitle "EXT 2005"]
[Source "ChessBase"]
[SourceDate "2004.11.15"]
[SourceVersion "1"]
[SourceVersionDate "2004.11.15"]
[SourceQuality "1"]

1. e4 g6 2. d4 Bg7 3. Nf3 d6 4. Be2 Nf6 5. Nc3 c6 6. a4 Qc7 7. h3 e5 8. 0-0 0-0 9. Be3 Nbd7 10. a5 exd4 11. Bxd4 Re8 12. Bc4 Ne5 13. Nxe5 dxe5 14. Bc5 Be6 15. Bxe6 Rxe6 16. Qe2 Bf8 17. Be3 Bb4 18. Na4 Nd7 19. Rfd1 Rd6 20. Rxd6 Qxd6 21. Rd1 Qc7 22. c3 Bxa5 23. b4 Bb6 24. Bh6 Nf8 25. Bg5 Re8 26. Qc4 Qc8 27. Nc5 Ne6 28. Bf6 Nxc5 29. bxc5 Bd8 30. Bxd8 Rxd8 31. Rd6 Rxd6 32. cxd6 b6 33. Kh2 Qd7 34. Qd3 f6 35. g3 b5 36. c4 bxc4 37. Qxc4+ Kf8 38. Qb4 Kf7 39. Qc4+ Kf8 40. Qb4 a5 41. Qb8+ Kf7 42. Qb3+ Kf8 43. Qb8+ Kf7 44. Qb3+ Kf8 45. Qb8+ 1/2-1/2

[Event "Oberliga Wuerttemberg 9899"]
[Site "Wuerttemberg"]
[Date "1999.04.18"]
[Round "9"]
[White "Jurek, Josef"]
[Black "Englmeier, Heinz"]
[Result "1-0"]
[WhiteElo "2390"]
[BlackElo "2255"]
[PlyCount "61"]
[EventDate "1998.10.??"]
[EventType "team"]
[EventRounds "9"]
[EventCountry "GER"]
[SourceTitle "EXT 2000"]
[Source "ChessBase"]
[SourceDate "1999.11.16"]
[SourceVersion "1"]
[SourceVersionDate "1999.11.16"]
[SourceQuality "1"]

1. c4 Nf6 2. g3 g6 3. Bg2 Bg7 4. d4 0-0 5. Nc3 d6 6. Nf3 c6 7. 0-0 Nbd7 8. e4 Qc7 9. h3 a6 10. Be3 Rd8 11. Qc2 Rb8 12. Rac1 Nf8 13. Rfd1 b6 14. b4 Bb7 15. c5 bxc5 16. bxc5 Ne6 17. Ng5 Nxg5 18. Bxg5 h6 19. Be3 Qd7 20. e5 Ne8 21. cxd6 exd6 22. Na4 c5 23. Bxb7 Qxb7 24. dxc5 dxc5 25. Rxd8 Rxd8 26. Nxc5 Qf3 27. e6 Rd5 28. Qa4 Nd6 29. e7 Re5 30. Bf4 Re2 31. Rf1 1-0

[Event "Oberliga Wuerttemberg 9899"]
[Site "Wuerttemberg"]
[Date "1999.03.21"]
[Round "8"]
[White "Englmeier, Heinz"]
[Black "Vujic, Branimir"]
[Result "0-1"]
[WhiteElo "2255"]
[BlackElo "2250"]
[PlyCount "132"]
[EventDate "1998.10.??"]
[EventType "team"]
[EventRounds "9"]
[EventCountry "GER"]
[SourceTitle "EXT 2000"]
[Source "ChessBase"]
[SourceDate "1999.11.16"]
[SourceVersion "1"]
[SourceVersionDate "1999.11.16"]
[SourceQuality "1"]

1. e4 e6 2. d4 d5 3. Nc3 Bb4 4. e5 c5 5. a3 Bxc3+ 6. bxc3 Nc6 7. Nf3 Qa5 8. Bd2 Qa4 9. Be3 c4 10. Ng5 h6 11. Nh3 Bd7 12. Nf4 0-0-0 13. Nh5 g6 14. Nf4 Rf8 15. Be2 Qa5 16. Qd2 Nce7 17. Nh3 f5 18. f4 Ba4 19. 0-0 Nc6 20. g4 Nge7 21. g5 h5 22. Nf2 a6 23. Nd1 Na7 24. Rf3 Kb8 25. Nb2 Rc8 26. Nxa4 Qxa4 27. Qc1 Rc6 28. Bd2 Rb6 29. Kg2 Rc8 30. Ra2 Rb5 31. Rf1 Rc6 32. Qa1 Rcb6 33. Rg1 Nac8 34. Rf1 Rc6 35. Rd1 Rc7 36. Rf1 Nc6 37. Rd1 N6a7 38. Rf1 Nb6 39. Rd1 Ra5 40. Rb1 Qc6 41. Rd1 Na4 42. Rf1 Rb5 43. Rb1 Rxb1 44. Qxb1 Qb5 45. Qb4 a5 46. Qxb5 Nxb5 47. Ra1 Nbxc3 48. Bf3 Kc8 49. Bxc3 Nxc3 50. a4 Rc6 51. Kf2 Kd7 52. Ra3 Nb1 53. Re3 Rb6 54. Kg3 Nd2 55. Be2 Rb2 56. Kh4 Rxc2 57. Bxh5 gxh5 58. Kxh5 Nf1 59. Rh3 Ke7 60. Kh6 Nxh2 61. g6 Rg2 62. Kh7 Ng4 63. Rh1 Nf2 64. Rb1 Kf8 65. Kh6 Rh2+ 66. Kg5 Ne4# 0-1

[Event "Oberliga Wuerttemberg 9899"]
[Site "Wuerttemberg"]
[Date "1998.12.13"]
[Round "4"]
[White "Bauer, Peter"]
[Black "Englmeier, Heinz"]
[Result "1-0"]
[WhiteElo "2245"]
[BlackElo "2255"]
[PlyCount "121"]
[EventDate "1998.10.??"]
[EventType "team"]
[EventRounds "9"]
[EventCountry "GER"]
[SourceTitle "EXT 2000"]
[Source "ChessBase"]
[SourceDate "1999.11.16"]
[SourceVersion "1"]
[SourceVersionDate "1999.11.16"]
[SourceQuality "1"]

1. e4 e5 2. Nf3 Nc6 3. Bb5 a6 4. Ba4 Nf6 5. 0-0 b5 6. Bb3 Be7 7. Re1 0-0 8. h3 d6 9. c3 Nb8 10. d4 Nbd7 11. Nbd2 Bb7 12. Bc2 Re8 13. Nf1 Bf8 14. Ng3 g6 15. a4 Bg7 16. d5 Bf8 17. b3 c6 18. c4 b4 19. Bd2 a5 20. Bg5 h6 21. Be3 Kh7 22. Qd2 Ng8 23. Nf1 Ndf6 24. g4 c5 25. Ng3 Bc8 26. Kg2 Kh8 27. Rh1 Nh7 28. Rag1 Ra7 29. Kf1 Rc7 30. Rh2 Qf6 31. Kg2 Qd8 32. Kh1 Bg7 33. Ne1 Bf6 34. Nf3 Bg7 35. Bd1 Bf8 36. g5 hxg5 37. Nxg5 Nxg5 38. Bxg5 f6 39. Be3 Rh7 40. h4 f5 41. exf5 gxf5 42. Bg5 Be7 43. Bc2 Rf8 44. f4 Rff7 45. Re1 Qc7 46. Ree2 Bf8 47. fxe5 dxe5 48. Ref2 Nh6 49. Bd1 Ng8 50. Rhg2 f4 51. Ne4 Bf5 52. Bf3 Bg6 53. Kg1 Bh5 54. Bxh5 Rxh5 55. Qe2 Rhh7 56. Qg4 Qd7 57. Qxd7 Rxd7 58. Nf6 Nxf6 59. Bxf6+ Bg7 60. Rxg7 Rhxg7+ 61. Rg2 1-0

[Event "Oberliga Wuerttemberg 9899"]
[Site "Wuerttemberg"]
[Date "1998.11.29"]
[Round "3"]
[White "Englmeier, Heinz"]
[Black "Lang, Marc"]
[Result "0-1"]
[WhiteElo "2255"]
[BlackElo "2320"]
[PlyCount "94"]
[EventDate "1998.10.??"]
[EventType "team"]
[EventRounds "9"]
[EventCountry "GER"]
[SourceTitle "EXT 2000"]
[Source "ChessBase"]
[SourceDate "1999.11.16"]
[SourceVersion "1"]
[SourceVersionDate "1999.11.16"]
[SourceQuality "1"]

1. Nf3 Nf6 2. d4 g6 3. Nbd2 d5 4. e3 Bg7 5. Be2 c5 6. c3 Nbd7 7. 0-0 0-0 8. b3 b6 9. Ba3 Bb7 10. Rc1 Re8 11. c4 cxd4 12. Nxd4 a6 13. cxd5 Nxd5 14. N2f3 Rc8 15. Rxc8 Qxc8 16. Bc4 Qa8 17. Ng5 Ne5 18. Bxd5 Bxd5 19. f4 Nd7 20. Qg4 Nf6 21. Qg3 Ne4 22. Nxe4 Bxe4 23. Nf3 h6 24. Qh4 Qb7 25. Qg3 Qd5 26. Qf2 Rc8 27. Re1 Rc2 28. Re2 Qd1+ 29. Re1 Qd3 30. Qf1 e6 31. Qxd3 Bxd3 32. Rd1 Rxa2 33. Rxd3 Rxa3 34. Nd2 Kf8 35. Nc4 Ra1+ 36. Kf2 b5 37. Nd6 Rc1 38. g4 Rc2+ 39. Kg3 Rc3 40. Rxc3 Bxc3 41. Kf3 f5 42. Nb7 Ke7 43. Nc5 a5 44. e4 Kd6 45. Nb7+ Kc6 46. Nd8+ Kd7 47. Nb7 Bb4 0-1

[Event "Oberliga Wuerttemberg 9798"]
[Site "Wuerttemberg"]
[Date "1998.03.01"]
[Round "8"]
[White "Banaszek, Marcin"]
[Black "Englmeier, Heinz"]
[Result "1/2-1/2"]
[WhiteElo "2295"]
[BlackElo "2185"]
[PlyCount "150"]
[EventDate "1997.09.??"]
[EventType "team"]
[EventRounds "9"]
[EventCountry "GER"]
[SourceTitle "EXT 1999"]
[Source "ChessBase"]
[SourceDate "1998.11.16"]
[SourceVersion "1"]
[SourceVersionDate "1998.11.16"]
[SourceQuality "1"]

1. c4 Nf6 2. Nc3 e6 3. Nf3 d5 4. d4 Be7 5. Bg5 0-0 6. e3 Nbd7 7. cxd5 exd5 8. Bd3 Re8 9. Qc2 Nf8 10. 0-0 c6 11. h3 Ne4 12. Bxe4 Bxg5 13. Bd3 Bh6 14. b4 Qf6 15. Ne5 Qh4 16. b5 Ng6 17. Bxg6 hxg6 18. bxc6 bxc6 19. Ne2 Ba6 20. Rfe1 Rac8 21. Qc5 Qe7 22. Rac1 Bb5 23. Qxe7 Rxe7 24. Nc3 Ba6 25. Na4 Bb5 26. Nc5 Kh7 27. a4 f6 28. Nf3 Bc4 29. Nd2 Rb8 30. Nxc4 dxc4 31. Rxc4 a5 32. Rec1 f5 33. Na6 Rb2 34. Rxc6 f4 35. exf4 Ree2 36. Rf1 Bxf4 37. Nc5 Rbd2 38. Ne6 Be3 39. Kh1 Bxf2 40. Nf8+ Kg8 41. Nxg6 Rxd4 42. Rc8+ Kf7 43. Nh8+ Ke7 44. Rg8 Rxa4 45. Rxg7+ Ke6 46. Ng6 Kd6 47. Rf7 Bd4 48. Rd1 Ra1 49. Rxa1 Bxa1 50. h4 Bd4 51. Rf5 Bc3 52. Rf3 Bb2 53. Nf4 Re1+ 54. Kh2 Be5 55. Kh3 a4 56. Kg4 Rc1 57. Rd3+ Kc6 58. Re3 Bb2 59. Re8 Kb7 60. Re4 a3 61. Ra4 Rd1 62. Ne2 Rd3 63. Kf4 Kb6 64. Ke4 Kb5 65. Kxd3 Kxa4 66. Kc2 Bf6 67. Nc3+ Ka5 68. h5 Bg7 69. Kb3 Kb6 70. Ne4 Kc6 71. Kxa3 Kd5 72. Ng5 Ke5 73. h6 Bxh6 74. Nf7+ Kf4 75. Nxh6 Kg3 1/2-1/2

[Event "Oberliga Wuerttemberg 9798"]
[Site "Wuerttemberg"]
[Date "1998.02.01"]
[Round "7"]
[White "Englmeier, Heinz"]
[Black "Lang, Marc"]
[Result "1-0"]
[WhiteElo "2185"]
[BlackElo "2350"]
[PlyCount "75"]
[EventDate "1997.09.??"]
[EventType "team"]
[EventRounds "9"]
[EventCountry "GER"]
[SourceTitle "EXT 1999"]
[Source "ChessBase"]
[SourceDate "1998.11.16"]
[SourceVersion "1"]
[SourceVersionDate "1998.11.16"]
[SourceQuality "1"]

1. d4 Nf6 2. Nf3 d6 3. Nc3 Bg4 4. e4 e6 5. Be2 Be7 6. Ng5 Bxe2 7. Qxe2 0-0 8. f4 Nc6 9. Nf3 e5 10. Be3 Ng4 11. fxe5 Nxe3 12. Qxe3 dxe5 13. d5 Nd4 14. 0-0-0 c6 15. Kb1 Nxf3 16. Qxf3 Qa5 17. Rhf1 Rad8 18. Qf5 Qc7 19. Rd3 h6 20. Qh5 Rd6 21. Qxe5 Qd8 22. Qd4 c5 23. Qxc5 Rf6 24. Qg1 Bc5 25. Qh1 Ra6 26. Ne2 Qa5 27. Nc1 Qa4 28. g3 Bd6 29. Qf3 Be5 30. Ra3 Qb5 31. Rb3 Qc4 32. Qd3 Qa4 33. Rxb7 Rc8 34. Rf2 Rc4 35. Re2 Rd4 36. Qb3 Rd1 37. Qxa4 Rxa4 38. c3 1-0

[Event "Neckar op 2nd"]
[Site "Deizisau"]
[Date "1998.??.??"]
[Round "9"]
[White "Englmeier, Heinz"]
[Black "Haub, Thorsten Michael"]
[Result "0-1"]
[WhiteElo "2185"]
[BlackElo "2435"]
[PlyCount "76"]
[EventDate "1998.04.05"]
[EventType "swiss"]
[EventRounds "9"]
[EventCountry "GER"]
[SourceTitle "EXT 2000"]
[Source "ChessBase"]
[SourceDate "1999.11.16"]
[SourceVersion "1"]
[SourceVersionDate "1999.11.16"]
[SourceQuality "1"]

1. d4 f5 2. Nc3 Nf6 3. Bg5 e6 4. e4 fxe4 5. Nxe4 Be7 6. Bxf6 Bxf6 7. Nf3 Qe7 8. c3 Nc6 9. Be2 d6 10. Qc2 Bd7 11. 0-0-0 0-0-0 12. Rhe1 Qf7 13. b4 Ne7 14. c4 Kb8 15. b5 Qg6 16. Rg1 Rhf8 17. g4 d5 18. Bd3 dxe4 19. Bxe4 Bg5+ 20. Kb1 Qf6 21. Rd3 Bf4 22. Ra3 Nc8 23. Qa4 Be8 24. g5 Qe7 25. g6 Bxg6 26. Rxg6 hxg6 27. c5 Rd5 28. Ne1 Qg5 29. Nd3 Qg1+ 30. Kb2 Bd2 31. Bxd5 exd5 32. Qc2 Be1 33. c6 Bxf2 34. cxb7 Bxd4+ 35. Kb3 Nd6 36. Qc6 Nc4 37. Qxd5 Nb6 38. Qc6 Qb1+ 0-1

[Event "Neckar op 1st"]
[Site "Deizisau"]
[Date "1997.??.??"]
[Round "2"]
[White "Englmeier, Heinz"]
[Black "Ikonnikov, Vyacheslav"]
[Result "0-1"]
[WhiteElo "2140"]
[BlackElo "2540"]
[PlyCount "58"]
[EventDate "1997.??.??"]
[EventType "swiss"]
[EventRounds "9"]
[EventCountry "GER"]
[SourceTitle "EXT 1999"]
[Source "ChessBase"]
[SourceDate "1998.11.16"]
[SourceVersion "1"]
[SourceVersionDate "1998.11.16"]
[SourceQuality "1"]

1. e4 c5 2. Nf3 Nc6 3. Nc3 Nd4 4. Nb5 Nxf3+ 5. gxf3 a6 6. Na3 e6 7. c3 Ne7 8. Nc2 d5 9. d4 cxd4 10. cxd4 Bd7 11. Bd2 Bc6 12. Bd3 Ng6 13. Qe2 Qh4 14. Qe3 Be7 15. e5 h6 16. f4 Bb5 17. Bxb5+ axb5 18. Qf3 0-0 19. 0-0-0 Rxa2 20. Kb1 Rfa8 21. f5 exf5 22. Qxd5 Nf8 23. Qxb7 R2a7 24. Qd5 Ne6 25. f4 Nxf4 26. Bxf4 Qxf4 27. Rhf1 Qxh2 28. Rxf5 Qe2 29. Rdf1 Qd3 0-1